000 00416nam a22001697a 4500
003 NUST - PNEC
005 20170116180839.0
008 150818b xxu||||| |||| 00| 0 eng d
020 _a9814126438
040 _cLIBRARY
082 _a530 HAL
100 _95246
_aHalliday, David
245 _aPhysics : Volumes one and two
_cDavid Halliday
250 _a5th ed
650 _95247
_aPhysics
_xMIS
942 _2ddc
_cBK
999 _c64345
_d64345